000
00385nam a22001577a 4500
003
MPLRDC
005
20220104125201.0
008
210129b ||||| |||| 00| 0 eng d
082
_a
857.9 CQY-39 v.1
100
_a
陈青云
245
_a
浪子神鹰. 一
_c
260
_a
台湾
_b
皇鼎文化出版社
_c
300
_b
238
650
_a
武侠小说
942
_c
BK
_o
857.9 CQY-39 v.1
999
_c
25334
_d
25324